| 000 -LEADER |
| fixed length control field |
00768cam a2200253 i 4500 |
| 020 ## - INTERNATIONAL STANDARD BOOK NUMBER |
| ISBN |
9780891183594 |
| 020 ## - INTERNATIONAL STANDARD BOOK NUMBER |
| ISBN |
0891183590 |
| 040 ## - CATALOGING SOURCE |
| Transcribing agency |
YDX |
| 082 04 - DEWEY DECIMAL CLASSIFICATION NUMBER |
| Classification number |
519 BAR 2007 A118 Or. |
| 245 00 - TITLE STATEMENT |
| Title |
Applied statistics in agricultural, biological, and environmental sciences / |
| 300 ## - PHYSICAL DESCRIPTION |
| Number of Pages |
xx, 510 pages : |
| Other physical details |
illustrations (some color) ; |
| Dimensions |
27 cm |
| 500 ## - GENERAL NOTE |
| General note |
"Book and Multimedia Publishing Committee"--Title page. |
| 650 #0 - SUBJECT ADDED ENTRY--TOPICAL TERM |
| Topical Term |
Mathematical statistics. |
| 650 #0 - SUBJECT ADDED ENTRY--TOPICAL TERM |
| Topical Term |
Agriculture |
| 650 #0 - SUBJECT ADDED ENTRY--TOPICAL TERM |
| Topical Term |
Life sciences |
| 650 #0 - SUBJECT ADDED ENTRY--TOPICAL TERM |
| Topical Term |
Environmental sciences |
| 650 #7 - SUBJECT ADDED ENTRY--TOPICAL TERM |
| Topical Term |
Agriculture |
| 650 #7 - SUBJECT ADDED ENTRY--TOPICAL TERM |
| Topical Term |
Environmental sciences |
| 650 #7 - SUBJECT ADDED ENTRY--TOPICAL TERM |
| Topical Term |
Life sciences |
| 650 #7 - SUBJECT ADDED ENTRY--TOPICAL TERM |
| Topical Term |
Mathematical statistics. |
| 700 1# - ADDED ENTRY--PERSONAL NAME |
| Personal name |
Glaz, Barry, |
| 700 1# - ADDED ENTRY--PERSONAL NAME |
| Personal name |
Yeater, Kathleen M., |
| 942 ## - ADDED ENTRY ELEMENTS (KOHA) |
| Koha item type |
ADB |
| 952 ## - LOCATION AND ITEM INFORMATION (KOHA) |
| Withdrawn status [LOCAL, KOHA] |
0 |